Je ekonomický rast predpokladom šťastného života krajín?

Boj o prežitie. Problém s nedostatkom potravín. Ekonomický rast a vyššia životná úroveň. Vyššia životná úroveň a šťastný a spokojný život. Hlavné faktory šťastia. Šťastné národy. Desatoro šťastia od Erica Weinera.

Gespeichert in:
Bibliographische Detailangaben
1. Verfasser: Bláhová, Mária
Format: Buchkapitel
Sprache:Slowakisch
Schlagworte:
Tags: Tag hinzufügen
Keine Tags, Fügen Sie das erste Tag hinzu!

MARC

LEADER 00000nla$a2200000$$$4500
001 0084151
005 20240502083223.0
041 0 |a slo 
044 |a CZ 
245 1 0 |a Je ekonomický rast predpokladom šťastného života krajín?  |c Mária Bláhová 
520 |a Boj o prežitie. Problém s nedostatkom potravín. Ekonomický rast a vyššia životná úroveň. Vyššia životná úroveň a šťastný a spokojný život. Hlavné faktory šťastia. Šťastné národy. Desatoro šťastia od Erica Weinera. 
610 2 0 |a rast hospodársky 
610 2 0 |a úroveň životná 
610 2 0 |a zdravie 
610 2 0 |a potraviny 
610 2 0 |a peniaze 
100 1 |a Bláhová, Mária